000 00639nam a2200193Ii 4500
003 JO-AjNU
008 230605s9999||||xx |||||||||||||| ||und||
040 _aJO-AjNU
_bara
_erda
_cJO-AjNU
041 _aara
050 1 4 _aPJ7864.U6.Z52 1900
100 3 _aأبو غضيب،هاني,
_eauthor
_910930
245 0 0 _aفدوى طوقان الشاعرة والمعاناة: دراسة نقدية مقارنة
264 3 1 _aد.م: د.ن، 1900
300 _a212ص
336 _atext
_btxt
_2rdacontent
337 _aunmediated
_bn
_2rdamedia
338 _avolume
_bnc
_2rdacarrier
650 4 _aالشعر العربي - تفسير ونقد
_910931
999 _aA2061
_c5629
_d5629